000 00395nam a2200121 a 4500
005 20140414131901.0
008 100902s19uu xx 00 eng d
050 _aFIC
_bP64 2001
100 _aPilkey, Dav
245 _aRicky Ricotta's mighty robot vs. the voodoo vultures from Venus :
_bthe third robot adventure /
_cby Dav Pilkey.
260 _aNew York :
_bScholastic ,
_c2001.
999 _c110664
_d110664